000 00396nam a2200157Ia 4500
008 230312s9999||||xx |||||||||||||| ||und||
020 _a81-203-0961-8
082 _a658.83
_bTUL
100 _aTull, Donald S
245 0 _aMarketing Research
260 _bPrentice Hall India
_aNew Dehli
_c1993
300 _a850
546 _aEng.
650 _aManagement
_vThe Source of reseach data
942 _cBK
999 _c241
_d241